|
|
|
|
| LEADER |
02325nam a2200553 4500 |
| 001 |
ocn978294861 |
| 003 |
OCoLC |
| 005 |
20180501122035.0 |
| 006 |
m o d |
| 007 |
cr cnu|||unuuu |
| 008 |
170323s2017 maua ob 000 0 eng d |
| 040 |
|
|
|a N$T
|b eng
|e rda
|e pn
|c N$T
|d IDEBK
|d N$T
|d OPELS
|d EBLCP
|d YDX
|d OTZ
|d OCLCQ
|d CUS
|d OCLCO
|d D6H
|d GrThAP
|
| 019 |
|
|
|a 979734763
|a 980209416
|a 980580862
|a 980814283
|a 981106398
|a 981185925
|
| 020 |
|
|
|a 9780128033432
|q (electronic bk.)
|
| 020 |
|
|
|a 0128033436
|q (electronic bk.)
|
| 020 |
|
|
|a 9780128033081
|
| 020 |
|
|
|a 0128033088
|
| 035 |
|
|
|a (OCoLC)978294861
|z (OCoLC)979734763
|z (OCoLC)980209416
|z (OCoLC)980580862
|z (OCoLC)980814283
|z (OCoLC)981106398
|z (OCoLC)981185925
|
| 050 |
|
4 |
|a RC687
|
| 072 |
|
7 |
|a HEA
|x 039000
|2 bisacsh
|
| 072 |
|
7 |
|a MED
|x 014000
|2 bisacsh
|
| 072 |
|
7 |
|a MED
|x 022000
|2 bisacsh
|
| 072 |
|
7 |
|a MED
|x 112000
|2 bisacsh
|
| 072 |
|
7 |
|a MED
|x 045000
|2 bisacsh
|
| 082 |
0 |
4 |
|a 616.12043
|2 23
|
| 049 |
|
|
|a TEFA
|
| 245 |
0 |
0 |
|a Zebrafish at the interface of development and disease research /
|c edited by Kirsten C. Sadler.
|
| 250 |
|
|
|a First edition.
|
| 264 |
|
1 |
|a Cambridge, MA :
|b Academic Press,
|c 2017.
|
| 300 |
|
|
|a 1 online resource :
|b illustrations
|
| 336 |
|
|
|a text
|b txt
|2 rdacontent
|
| 337 |
|
|
|a computer
|b c
|2 rdamedia
|
| 338 |
|
|
|a online resource
|b cr
|2 rdacarrier
|
| 490 |
1 |
|
|a Current topics in developmental biology ;
|v volume 124
|
| 504 |
|
|
|a Includes bibliographical references.
|
| 588 |
0 |
|
|a Vendor-supplied metadata.
|
| 650 |
|
0 |
|a Heart.
|
| 650 |
|
0 |
|a Heart
|x Abnormalities.
|
| 650 |
|
0 |
|a Heart
|x Diseases
|x Animal models.
|
| 650 |
|
7 |
|a HEALTH & FITNESS / Diseases / General
|2 bisacsh
|
| 650 |
|
7 |
|a MEDICAL / Clinical Medicine
|2 bisacsh
|
| 650 |
|
7 |
|a MEDICAL / Diseases
|2 bisacsh
|
| 650 |
|
7 |
|a MEDICAL / Evidence-Based Medicine
|2 bisacsh
|
| 650 |
|
7 |
|a MEDICAL / Internal Medicine
|2 bisacsh
|
| 655 |
|
4 |
|a Electronic books.
|
| 700 |
1 |
|
|a Sadler, Kirsten C.,
|e editor.
|
| 776 |
0 |
8 |
|i Print version:
|t Zebrafish at the interface of development and disease research.
|b First edition.
|d Cambridge, MA : Elsevier/Academic Press, 2017
|z 9780128033081
|w (DLC) 2017394240
|w (OCoLC)982378544
|
| 830 |
|
0 |
|a Current topics in developmental biology ;
|v v. 124.
|
| 856 |
4 |
0 |
|u https://www.sciencedirect.com/science/bookseries/00702153/124
|z Full Text via HEAL-Link
|